000 00593nam a22001577a 4500
999 _c534715
_d534715
020 _qHard Cover.
082 _a621.3678
100 _aMuhammad Munir Afsar.
245 _aEvaluation and implementation of Low Cost Unmanned Aerial Platforms for Rapid Geo- Spatial Data Collection in Pakistan ,s Context /
_cMuhammad Munir Afsar.
260 _aIslamabad :
_bIGIS - NUST,
_c2014.
300 _axv, 89 p. ill. ;
_c30cm.
942 _2ddc
_cTHE
650 _aRemote Sensing and GIS - MS Thesis.
_916703
700 _aDr. Ejaz Hussain.
_919330